[Event "CYCC U08 w"]
[Site "Toronto CAN"]
[Date "2001.03.15"]
[Round "1"]
[White "Sviridovitch, Alina"]
[Black "Tsimakouridze, Elena"]
[Result "1-0"]
[WhiteElo "1617"]
[BlackElo "1308"]
[PlyCount "103"]
[GameId "2160767911610404"]
[EventDate "2001.03.??"]
[EventType "tourn"]
[EventRounds "7"]
[EventCountry "CAN"]
[SourceTitle "EXT 2006"]
[Source "ChessBase"]
[SourceDate "2005.11.24"]
[SourceVersion "1"]
[SourceVersionDate "2005.11.24"]
[SourceQuality "1"]

1. e4 c6 2. d4 d5 3. exd5 cxd5 4. c4 e6 5. Nf3 Nc6 6. Nc3 Bb4 7. Bd3 Nf6 8. O-O Bd6 9. Re1 Bd7 10. cxd5 Ne7 11. dxe6 Bxe6 12. Ng5 Qc8 13. Nxe6 fxe6 14. Bb5+ Kf7 15. Qb3 Ned5 16. Bc4 Qc7 17. h3 Rhe8 18. Bg5 Rad8 19. Bxf6 gxf6 20. Nxd5 Bh2+ 21. Kh1 exd5 22. Bxd5+ Kg7 23. Qxb7 Bd6 24. Qxc7+ Bxc7 25. Rxe8 Rxe8 26. Bf3 Rb8 27. Re1 Kf8 28. b3 Rc8 29. Rc1 Ke7 30. Bg4 Kd8 31. Bxc8 Kxc8 32. Kg1 Kd7 33. Rxc7+ Kxc7 34. Kf1 Kd6 35. Ke2 Kd5 36. Kd3 a5 37. a3 h6 38. g3 f5 39. f3 h5 40. Ke3 Ke6 41. Kf4 Kf6 42. b4 axb4 43. axb4 Ke6 44. b5 Kd6 45. Kxf5 Kc7 46. d5 h4 47. g4 Kc8 48. Ke6 Kc7 49. d6+ Kd8 50. d7 Kc7 51. Ke7 Kb6 52. Kd6 1-0

[Event "CYCC U08 w"]
[Site "Toronto CAN"]
[Date "2001.03.15"]
[Round "2"]
[White "Golts, Diana"]
[Black "Smith, Hazel"]
[Result "1-0"]
[WhiteElo "1806"]
[BlackElo "1717"]
[PlyCount "150"]
[GameId "2160767911610405"]
[EventDate "2001.03.??"]
[EventType "tourn"]
[EventRounds "7"]
[EventCountry "CAN"]
[SourceTitle "EXT 2006"]
[Source "ChessBase"]
[SourceDate "2005.11.24"]
[SourceVersion "1"]
[SourceVersionDate "2005.11.24"]
[SourceQuality "1"]

1. e4 e5 2. Nf3 Nc6 3. Bc4 Bc5 4. Nc3 d6 5. h3 Nf6 6. d3 Be6 7. Bb3 h6 8. O-O O-O 9. Be3 Bb6 10. Ne2 d5 11. exd5 Bxd5 12. Ng3 Re8 13. Nd2 Qd7 14. Re1 Rad8 15. Bxb6 cxb6 16. Nge4 Nxe4 17. dxe4 Be6 18. Nf3 Qc7 19. Qe2 Rd6 20. c3 Red8 21. Rad1 Bxb3 22. axb3 Qd7 23. Rxd6 Qxd6 24. Ra1 a6 25. b4 a5 26. bxa5 bxa5 27. Kf1 b6 28. Ke1 Qd3 29. Qxd3 Rxd3 30. Ke2 Rd8 31. Nd2 Rb8 32. Nc4 f6 33. Kd2 Kf7 34. f3 Ke6 35. Ke3 Ne7 36. Rd1 Nc8 37. Ra1 Rb7 38. Ke2 Rc7 39. Ne3 Rc5 40. Kd2 Nd6 41. Kc2 Nb7 42. Kd3 Rb5 43. Kc2 Rc5 44. Kd3 Rc8 45. b4 Rd8+ 46. Nd5 f5 47. Ke3 f4+ 48. Ke2 Rd6 49. Ra2 g5 50. Kf2 Kd7 51. g3 Kc6 52. g4 Kb5 53. Ke2 Rd7 54. Kd3 Nd8 55. Kc2 Ne6 56. Kb2 Nc7 57. c4+ Kxc4 58. Nxb6+ Kxb4 59. Nxd7 Nb5 60. Nxe5 a4 61. Nd3+ Ka5 62. Nc5 Nd6 63. Nxa4 Kb4 64. Nc3 Nc4+ 65. Kc2 Ne3+ 66. Kd3 Kc5 67. Nd5 Nxd5 68. exd5 Kxd5 69. Ra5+ Ke6 70. Kd4 Kf6 71. Ra6+ Kg7 72. Ke5 Kf7 73. Re6 Kg7 74. Rf6 Kg8 75. Ke6 Kg7 1-0

[Event "CYCC U08 w"]
[Site "Toronto CAN"]
[Date "2001.03.15"]
[Round "2"]
[White "Goutor, Valentina"]
[Black "Benggawan, Alexandra"]
[Result "0-1"]
[WhiteElo "1687"]
[BlackElo "1724"]
[PlyCount "109"]
[GameId "2160767911610406"]
[EventDate "2001.03.??"]
[EventType "tourn"]
[EventRounds "7"]
[EventCountry "CAN"]
[SourceTitle "EXT 2006"]
[Source "ChessBase"]
[SourceDate "2005.11.24"]
[SourceVersion "1"]
[SourceVersionDate "2005.11.24"]
[SourceQuality "1"]

1. e4 e6 2. d3 d5 3. Nd2 c5 4. Ngf3 Nc6 5. g3 Nf6 6. Bg2 Be7 7. O-O O-O 8. Qe2 Qc7 9. Re1 d4 10. e5 Nd5 11. Nf1 f6 12. exf6 gxf6 13. Bh6 Rf7 14. Nh4 Qd8 15. Qg4+ Kh8 16. Bxd5 Qxd5 17. Nd2 b6 18. Qe4 Qxe4 19. Nxe4 Nb4 20. Re2 f5 21. Ng5 Rf6 22. a3 Nd5 23. Rae1 Rxh6 24. Nf7+ Kg7 25. Nxh6 Kxh6 26. Nf3 Bf6 27. Ne5 Bxe5 28. Rxe5 Bd7 29. R5e2 Kg6 30. h3 Rf8 31. Kh2 h5 32. Rg1 Kg5 33. h4+ Kg6 34. Kh3 Nf6 35. Kh2 Ng4+ 36. Kh3 e5 37. Rg2 Bc6 38. Rg1 e4 39. Rge1 Rf6 40. Rf1 e3 41. fxe3 Nxe3 42. Rg1 Bf3 43. Rd2 Bg4+ 44. Kh2 f4 45. Rf2 f3 46. Re1 Be6 47. Rg1 Ng4+ 48. Kh1 Nxf2+ 49. Kh2 Ng4+ 50. Kh3 f2 51. Rf1 Ne3+ 52. Kh2 Nxf1+ 53. Kg2 Ne3+ 54. Kh2 Ng4+ 55. Kg2 0-1

[Event "CYCC U08 w"]
[Site "Toronto CAN"]
[Date "2001.03.15"]
[Round "2"]
[White "Sviridovitch, Alina"]
[Black "Ho, Patricia"]
[Result "1-0"]
[WhiteElo "1617"]
[BlackElo "1119"]
[PlyCount "120"]
[GameId "2160767911610407"]
[EventDate "2001.03.??"]
[EventType "tourn"]
[EventRounds "7"]
[EventCountry "CAN"]
[SourceTitle "EXT 2006"]
[Source "ChessBase"]
[SourceDate "2005.11.24"]
[SourceVersion "1"]
[SourceVersionDate "2005.11.24"]
[SourceQuality "1"]

1. e4 e5 2. Nc3 Nc6 3. g3 Nf6 4. Bg2 Bc5 5. Nge2 O-O 6. O-O d6 7. h3 Be6 8. d3 d5 9. Bg5 Be7 10. Bxf6 Bxf6 11. exd5 Bf5 12. dxc6 bxc6 13. Bxc6 Rb8 14. Rb1 Qd6 15. Bg2 Qe6 16. Kh2 Rfd8 17. Re1 Bg5 18. f4 exf4 19. Nxf4 Qh6 20. Nfd5 Qd6 21. Qe2 c6 22. Ne7+ Bxe7 23. Qxe7 Qd4 24. Qe5 Qd7 25. Bxc6 Qxc6 26. Qxf5 Qd6 27. Ne4 Qb6 28. Rf1 Rb7 29. Ng5 g6 30. Qf6 Qc7 31. Rbe1 Qc8 32. Nxf7 Qxc2+ 33. Rf2 Qxf2+ 34. Qxf2 Rxf7 35. Qc2 Rdf8 36. Qc4 Kg7 37. Qd4+ Kg8 38. Kg1 h5 39. Re6 Rg7 40. Qd5 Kh7 41. Qg5 Rc8 42. g4 Kg8 43. Rxg6 Rc1+ 44. Qxc1 Rxg6 45. Qc8+ Kh7 46. Qf5 hxg4 47. hxg4 Kh6 48. Qxg6+ Kxg6 49. Kg2 Kg5 50. Kf3 a5 51. a4 Kg6 52. Kf4 Kf6 53. g5+ Kg6 54. Kg4 Kg7 55. Kf5 Kf7 56. d4 Kg7 57. d5 Kf7 58. d6 Kg7 59. d7 Kh7 60. Ke6 Kg8 1-0

[Event "CYCC U08 w"]
[Site "Toronto CAN"]
[Date "2001.03.15"]
[Round "2"]
[White "Tsimakouridze, Elena"]
[Black "Woodworth, Claire"]
[Result "0-1"]
[WhiteElo "1308"]
[BlackElo "1136"]
[PlyCount "139"]
[GameId "2160767911610408"]
[EventDate "2001.03.??"]
[EventType "tourn"]
[EventRounds "7"]
[EventCountry "CAN"]
[SourceTitle "EXT 2006"]
[Source "ChessBase"]
[SourceDate "2005.11.24"]
[SourceVersion "1"]
[SourceVersionDate "2005.11.24"]
[SourceQuality "1"]

1. e4 c6 2. d4 d5 3. exd5 cxd5 4. Nf3 Nf6 5. Bd3 Bg4 6. h3 Bxf3 7. Qxf3 Nc6 8. c3 e6 9. O-O Bd6 10. Re1 h6 11. Bf4 Bxf4 12. Qxf4 O-O 13. Nd2 Re8 14. Nf3 Rc8 15. Rac1 Qb6 16. b3 Qa5 17. a4 a6 18. g4 Qb6 19. b4 Qc7 20. Qxc7 Rxc7 21. Re2 Rec8 22. Rec2 Ne7 23. Ne5 Ne4 24. Bxe4 dxe4 25. g5 hxg5 26. Kf1 Nd5 27. c4 Nxb4 28. Rb2 f6 29. a5 fxe5 30. Rxb4 exd4 31. Ke2 Rc5 32. Kd1 Rxa5 33. Rxb7 Ra4 34. Rb6 Kf7 35. c5 Ke7 36. Rb7+ Kd8 37. c6 Rc7 38. Rb8+ Rc8 39. c7+ Kd7 40. Rb7 Ra5 41. Kd2 Rb5 42. Rxb5 axb5 43. Rc5 Rxc7 44. Rxb5 d3 45. Rxg5 Kd6 46. h4 Rf7 47. Ke3 Rf3+ 48. Kxe4 d2 49. Rg1 Rxf2 50. Rd1 e5 51. Ke3 Rh2 52. Rxd2+ Rxd2 53. Kxd2 Kd5 54. Ke3 e4 55. h5 Ke5 56. Ke2 Kd4 57. Kd2 e3+ 58. Ke2 Ke4 59. Ke1 Kd3 60. Kd1 Ke4 61. Ke1 Kf4 62. Ke2 Kg4 63. h6 gxh6 64. Kxe3 Kg3 65. Ke2 Kg2 66. Ke3 h5 67. Kf4 h4 68. Kg4 h3 69. Kh4 h2 70. Kg4 0-1

[Event "CYCC U08 w"]
[Site "Toronto CAN"]
[Date "2001.03.16"]
[Round "3"]
[White "Benggawan, Alexandra"]
[Black "Sviridovitch, Alina"]
[Result "1-0"]
[WhiteElo "1724"]
[BlackElo "1617"]
[PlyCount "67"]
[GameId "2160767911610409"]
[EventDate "2001.03.??"]
[EventType "tourn"]
[EventRounds "7"]
[EventCountry "CAN"]
[SourceTitle "EXT 2006"]
[Source "ChessBase"]
[SourceDate "2005.11.24"]
[SourceVersion "1"]
[SourceVersionDate "2005.11.24"]
[SourceQuality "1"]

1. e4 g6 2. d4 Bg7 3. Nc3 d6 4. Bc4 c6 5. Qf3 e6 6. Be3 b5 7. Bd3 Ne7 8. Nge2 O-O 9. O-O a6 10. Ng3 Nd7 11. Nce2 e5 12. c3 f5 13. exf5 gxf5 14. Nxf5 Nxf5 15. Bxf5 Nb6 16. Ng3 Bxf5 17. Nxf5 Qd7 18. g4 Nd5 19. dxe5 dxe5 20. Bc5 Rf7 21. Qe4 Nf6 22. Qg2 Nxg4 23. Ne7+ Kh8 24. Rad1 Qe6 25. Nxc6 Bf6 26. Nxe5 Rg8 27. Nxf7+ Qxf7 28. Kh1 Qh5 29. Bd4 Bxd4 30. Rxd4 Ne3 31. Qxg8+ Kxg8 32. fxe3 Qe2 33. Rdf4 Qxe3 34. Rg4+ 1-0

[Event "CYCC U08 w"]
[Site "Toronto CAN"]
[Date "2001.03.16"]
[Round "3"]
[White "Ho, Patricia"]
[Black "Tsimakouridze, Elena"]
[Result "0-1"]
[WhiteElo "1119"]
[BlackElo "1308"]
[PlyCount "94"]
[GameId "2160767911610410"]
[EventDate "2001.03.??"]
[EventType "tourn"]
[EventRounds "7"]
[EventCountry "CAN"]
[SourceTitle "EXT 2006"]
[Source "ChessBase"]
[SourceDate "2005.11.24"]
[SourceVersion "1"]
[SourceVersionDate "2005.11.24"]
[SourceQuality "1"]

1. e4 c6 2. d4 d5 3. Nc3 Nd7 4. Nf3 e6 5. e5 Qb6 6. Bd3 c5 7. Ne2 c4 8. Bxc4 dxc4 9. O-O Ne7 10. Nc3 Qc6 11. Bg5 Nb6 12. Nd2 Ned5 13. Nce4 c3 14. bxc3 Nxc3 15. Qf3 Nxe4 16. Nxe4 Be7 17. Bxe7 Kxe7 18. Qa3+ Kd8 19. Nd6 Qc7 20. Rac1 Nc4 21. Qb4 Nxd6 22. exd6 Qb6 23. Qa3 Kd7 24. c4 Rd8 25. c5 Qc6 26. Rcd1 Qd5 27. Qa4+ Qc6 28. Qa3 Qa6 29. Qb3 Ke8 30. Rfe1 f6 31. d5 e5 32. Qg3 Kf7 33. f4 Re8 34. fxe5 Rxe5 35. Rxe5 fxe5 36. Rf1+ Kg8 37. Qxe5 Bg4 38. Qe7 Qb5 39. h3 Qxc5+ 40. Kh2 Bh5 41. Qe6+ Kh8 42. d7 Qc7+ 43. Kh1 Qd8 44. Re1 h6 45. g4 Bxg4 46. Qe8+ Kh7 47. hxg4 Qh4+ 0-1

[Event "CYCC U08 w"]
[Site "Toronto CAN"]
[Date "2001.03.16"]
[Round "3"]
[White "Smith, Hazel"]
[Black "Goutor, Valentina"]
[Result "0-1"]
[WhiteElo "1717"]
[BlackElo "1687"]
[PlyCount "135"]
[GameId "2160767911610411"]
[EventDate "2001.03.??"]
[EventType "tourn"]
[EventRounds "7"]
[EventCountry "CAN"]
[SourceTitle "EXT 2006"]
[Source "ChessBase"]
[SourceDate "2005.11.24"]
[SourceVersion "1"]
[SourceVersionDate "2005.11.24"]
[SourceQuality "1"]

1. e4 d6 2. d4 Nf6 3. Nc3 g6 4. f4 Bg7 5. e5 dxe5 6. dxe5 Qxd1+ 7. Kxd1 Ng4 8. Nd5 Kd8 9. Ke1 c6 10. Nb4 f6 11. h3 Nh6 12. Nf3 Nd7 13. Nd3 Nf5 14. Kf2 fxe5 15. Nfxe5 Nxe5 16. Nxe5 Bxe5 17. fxe5 Rf8 18. Bd3 Nd4+ 19. Ke1 Bf5 20. Be3 Bxd3 21. Bxd4 Bxc2 22. Rc1 Be4 23. Rg1 Kc7 24. Rd1 Rad8 25. Ke2 Bd5 26. a3 b6 27. b4 Bb3 28. Rd2 Bc4+ 29. Ke3 Rd7 30. Bc3 Rxd2 31. Bxd2 Rf1 32. Rxf1 Bxf1 33. Kf2 Bc4 34. Be3 Kd7 35. Bd4 Ke6 36. g4 Kd5 37. Ke3 g5 38. Bc3 Bf1 39. Kf2 Bxh3 40. Kg3 Bf1 41. Bd2 Kxe5 42. Bxg5 Kd6 43. Kf3 Bd3 44. Ke3 Bg6 45. Kd4 e5+ 46. Ke3 c5 47. Ke2 cxb4 48. axb4 a5 49. Bd2 axb4 50. Bxb4+ Kd5 51. Ke3 e4 52. Bc3 Kc4 53. Bd4 b5 54. Bb2 Kb3 55. Bd4 b4 56. Bc5 Kc2 57. Bd4 b3 58. Be5 b2 59. Bxb2 Kxb2 60. Kd2 h5 61. gxh5 Bxh5 62. Ke3 Bf3 63. Kd2 Kb3 64. Ke3 Kc3 65. Kf2 Kd2 66. Kg3 e3 67. Kxf3 e2 68. Kf4 0-1

[Event "CYCC U08 w"]
[Site "Toronto CAN"]
[Date "2001.03.16"]
[Round "3"]
[White "Woodworth, Claire"]
[Black "Golts, Diana"]
[Result "0-1"]
[WhiteElo "1136"]
[BlackElo "1806"]
[PlyCount "62"]
[GameId "2160767911610412"]
[EventDate "2001.03.??"]
[EventType "tourn"]
[EventRounds "7"]
[EventCountry "CAN"]
[SourceTitle "EXT 2006"]
[Source "ChessBase"]
[SourceDate "2005.11.24"]
[SourceVersion "1"]
[SourceVersionDate "2005.11.24"]
[SourceQuality "1"]

1. d4 Nf6 2. c4 e6 3. Nc3 d5 4. cxd5 exd5 5. Nf3 Be7 6. Bg5 b6 7. e3 O-O 8. Bd3 Bb7 9. O-O c5 10. dxc5 bxc5 11. Bc2 Nbd7 12. Re1 Rc8 13. Qd2 h6 14. Bh4 Ne4 15. Nxe4 dxe4 16. Bxe7 Qxe7 17. Nh4 Ne5 18. Nf5 Qf6 19. Ng3 Qc6 20. Bxe4 Qb6 21. Bxb7 Qxb7 22. Qc3 f6 23. Rec1 Rfd8 24. Qa3 Nd3 25. Rd1 Qxb2 26. Qxa7 Qxf2+ 27. Kh1 Qxe3 28. Nf5 Nf2+ 29. Kg1 Nh3+ 30. Kh1 Qg1+ 31. Rxg1 Nf2# 0-1

[Event "CYCC U08 w"]
[Site "Toronto CAN"]
[Date "2001.03.16"]
[Round "4"]
[White "Goutor, Valentina"]
[Black "Woodworth, Claire"]
[Result "1-0"]
[WhiteElo "1687"]
[BlackElo "1136"]
[PlyCount "99"]
[GameId "2160767911610413"]
[EventDate "2001.03.??"]
[EventType "tourn"]
[EventRounds "7"]
[EventCountry "CAN"]
[SourceTitle "EXT 2006"]
[Source "ChessBase"]
[SourceDate "2005.11.24"]
[SourceVersion "1"]
[SourceVersionDate "2005.11.24"]
[SourceQuality "1"]

1. e4 c6 2. d3 d5 3. Nd2 dxe4 4. dxe4 Nd7 5. g3 Ngf6 6. Bg2 e6 7. Ngf3 Nb6 8. O-O Be7 9. Qe2 O-O 10. Re1 Bd7 11. Nf1 c5 12. e5 Nfd5 13. Ne3 Bc6 14. Nxd5 Bxd5 15. b3 Qd7 16. Bf4 Qc6 17. c4 Bxf3 18. Bxf3 Qc7 19. Rad1 Rfd8 20. h4 h6 21. Qe3 Kf8 22. h5 Rxd1 23. Rxd1 Rd8 24. Rxd8+ Qxd8 25. Bxb7 Qd1+ 26. Kg2 Qxh5 27. f3 g5 28. Qd3 gxf4 29. Qh7 Qg6 30. Qh8+ Qg8 31. Qxh6+ Qg7 32. Qxf4 Bg5 33. Qe4 Qg6 34. Qe2 Nd7 35. Bc6 Nb6 36. Qd1 Kg7 37. Be4 Qh6 38. Qd6 Be3 39. Qc7 Qh8 40. Qxa7 Qd8 41. Qa5 Bd4 42. f4 Qb8 43. Qb5 Qd8 44. Qc6 Nc8 45. a4 Ne7 46. Qb5 Nc8 47. a5 Ne7 48. Qb6 Qxb6 49. axb6 f5 50. Bf3 1-0

[Event "CYCC U08 w"]
[Site "Toronto CAN"]
[Date "2001.03.16"]
[Round "4"]
[White "Ho, Patricia"]
[Black "Benggawan, Alexandra"]
[Result "0-1"]
[WhiteElo "1119"]
[BlackElo "1724"]
[PlyCount "73"]
[GameId "2160767911610414"]
[EventDate "2001.03.??"]
[EventType "tourn"]
[EventRounds "7"]
[EventCountry "CAN"]
[SourceTitle "EXT 2006"]
[Source "ChessBase"]
[SourceDate "2005.11.24"]
[SourceVersion "1"]
[SourceVersionDate "2005.11.24"]
[SourceQuality "1"]

1. e4 e6 2. d4 d5 3. e5 c5 4. c3 Nc6 5. Nf3 Bd7 6. Bd3 Qb6 7. O-O cxd4 8. Be2 Bc5 9. Qd3 a6 10. Rd1 dxc3 11. Nxc3 Bxf2+ 12. Kh1 Nge7 13. Rb1 Ng6 14. Bg5 h6 15. Bd2 Nb4 16. Na4 Bxa4 17. Qa3 Bxd1 18. Rxd1 Nc6 19. b4 O-O 20. Bd3 Ncxe5 21. Nxe5 Nxe5 22. Bb1 Bh4 23. Be3 Qb5 24. Qb2 Ng6 25. Bd3 Qd7 26. Qc2 Rac8 27. Qb1 Ne5 28. Bc2 Ng4 29. Bd4 Qc7 30. Bh7+ Kh8 31. Kg1 Qxh2+ 32. Kf1 Qh1+ 33. Ke2 Qxg2+ 34. Kd3 Qf3+ 35. Kd2 Qg2+ 36. Kd3 Kxh7 37. Bc5 0-1

[Event "CYCC U08 w"]
[Site "Toronto CAN"]
[Date "2001.03.16"]
[Round "4"]
[White "Sviridovitch, Alina"]
[Black "Smith, Hazel"]
[Result "1-0"]
[WhiteElo "1617"]
[BlackElo "1717"]
[PlyCount "75"]
[GameId "2160767911610415"]
[EventDate "2001.03.??"]
[EventType "tourn"]
[EventRounds "7"]
[EventCountry "CAN"]
[SourceTitle "EXT 2006"]
[Source "ChessBase"]
[SourceDate "2005.11.24"]
[SourceVersion "1"]
[SourceVersionDate "2005.11.24"]
[SourceQuality "1"]

1. e4 e5 2. Nc3 Nf6 3. g3 Bc5 4. Bg2 d6 5. h3 Nc6 6. Nge2 O-O 7. O-O Be6 8. d3 d5 9. Bg5 d4 10. Nb1 h6 11. Bc1 Re8 12. f4 exf4 13. gxf4 Qe7 14. Ng3 Rad8 15. f5 Bd7 16. Bf4 Bd6 17. Nd2 Bxf4 18. Rxf4 Qd6 19. Qf1 Ne5 20. b3 b6 21. Kh2 a5 22. Qf2 Rb8 23. Rg1 Kh8 24. Bh1 Rg8 25. Nc4 Nxc4 26. bxc4 Qa3 27. e5 Nh7 28. Rxd4 Qe7 29. Qe2 c5 30. Rg4 Rbe8 31. Re1 Qd8 32. c3 Qc8 33. Qf1 g6 34. fxg6 Bxg4 35. gxf7 Be6 36. Be4 Qc7 37. Bxh7 Kxh7 38. Qf6 1-0

[Event "CYCC U08 w"]
[Site "Toronto CAN"]
[Date "2001.03.16"]
[Round "4"]
[White "Tsimakouridze, Elena"]
[Black "Golts, Diana"]
[Result "0-1"]
[WhiteElo "1308"]
[BlackElo "1806"]
[PlyCount "69"]
[GameId "2160767911610416"]
[EventDate "2001.03.??"]
[EventType "tourn"]
[EventRounds "7"]
[EventCountry "CAN"]
[SourceTitle "EXT 2006"]
[Source "ChessBase"]
[SourceDate "2005.11.24"]
[SourceVersion "1"]
[SourceVersionDate "2005.11.24"]
[SourceQuality "1"]

1. e4 e5 2. Nf3 Nc6 3. Bc4 Bc5 4. O-O d6 5. d3 h6 6. h3 Nge7 7. Re1 O-O 8. Be3 Bb6 9. Nc3 Kh8 10. Qd2 Kh7 11. d4 exd4 12. Nxd4 Nxd4 13. Bxd4 Bxd4 14. Qxd4 Nc6 15. Qd2 Ne5 16. Bd3 Bxh3 17. Qe3 Bd7 18. Qg3 f5 19. f4 Ng6 20. Nd5 c6 21. Ne3 Ne7 22. Re2 g6 23. Kf2 fxe4 24. Bxe4 d5 25. Bd3 Nf5 26. Nxf5 Bxf5 27. Bxf5 Rxf5 28. Rh1 Qf8 29. Ke1 Rxf4 30. Qe3 Re4 31. Qb3 Rxe2+ 32. Kxe2 Re8+ 33. Kd1 Qe7 34. Qf3 Kg7 35. Rf1 0-1

[Event "CYCC U08 w"]
[Site "Toronto CAN"]
[Date "2001.03.17"]
[Round "5"]
[White "Benggawan, Alexandra"]
[Black "Tsimakouridze, Elena"]
[Result "1-0"]
[WhiteElo "1724"]
[BlackElo "1308"]
[PlyCount "77"]
[GameId "2160767911610417"]
[EventDate "2001.03.??"]
[EventType "tourn"]
[EventRounds "7"]
[EventCountry "CAN"]
[SourceTitle "EXT 2006"]
[Source "ChessBase"]
[SourceDate "2005.11.24"]
[SourceVersion "1"]
[SourceVersionDate "2005.11.24"]
[SourceQuality "1"]

1. e4 c6 2. d4 d5 3. Nc3 dxe4 4. Nxe4 Bf5 5. Ng3 Bg6 6. h4 h6 7. f4 e6 8. Nf3 Nf6 9. Ne5 Nbd7 10. Nxg6 fxg6 11. Bd3 g5 12. Qe2 Qe7 13. hxg5 Nd5 14. Bg6+ Kd8 15. gxh6 Rxh6 16. Rxh6 gxh6 17. f5 Qh4 18. Qf2 Bb4+ 19. Bd2 Bxd2+ 20. Kxd2 N7f6 21. Re1 Ng4 22. Qf3 Nh2 23. Qd3 Nf4 24. Qa3 Kc7 25. Ne4 Nxg2 26. Qd6+ Kb6 27. Qb4+ Kc7 28. Qd6+ Kb6 29. Qb4+ Kc7 30. Qd6+ Kb6 31. Qc5+ Kc7 32. Qe5+ Kb6 33. Qc5+ Kc7 34. Qa5+ Kc8 35. Nd6+ Kd7 36. fxe6+ Kxd6 37. Qe5+ Ke7 38. Qg7+ Kd6 39. Qd7# 1-0

[Event "CYCC U08 w"]
[Site "Toronto CAN"]
[Date "2001.03.17"]
[Round "5"]
[White "Golts, Diana"]
[Black "Goutor, Valentina"]
[Result "1/2-1/2"]
[WhiteElo "1806"]
[BlackElo "1687"]
[PlyCount "58"]
[GameId "2160767911610418"]
[EventDate "2001.03.??"]
[EventType "tourn"]
[EventRounds "7"]
[EventCountry "CAN"]
[SourceTitle "EXT 2006"]
[Source "ChessBase"]
[SourceDate "2005.11.24"]
[SourceVersion "1"]
[SourceVersionDate "2005.11.24"]
[SourceQuality "1"]

1. e4 d6 2. d4 Nf6 3. Nc3 g6 4. Nf3 Bg7 5. Be2 O-O 6. O-O c5 7. d5 e6 8. h3 b6 9. Bc4 Ba6 10. Qe2 Bxc4 11. Qxc4 Re8 12. Be3 exd5 13. exd5 a6 14. a4 Ra7 15. Rad1 Rae7 16. b3 Ne4 17. Nxe4 Rxe4 18. Qd3 h6 19. Rfe1 a5 20. Kh2 R4e7 21. Re2 Nd7 22. Rde1 Ne5 23. Nxe5 Bxe5+ 24. g3 Bg7 25. Bd2 Rxe2 26. Rxe2 Re7 27. c4 Qe8 28. Rxe7 Qxe7 29. Kg2 h5 1/2-1/2

[Event "CYCC U08 w"]
[Site "Toronto CAN"]
[Date "2001.03.17"]
[Round "5"]
[White "Smith, Hazel"]
[Black "Ho, Patricia"]
[Result "1-0"]
[WhiteElo "1717"]
[BlackElo "1119"]
[PlyCount "91"]
[GameId "2160767911610419"]
[EventDate "2001.03.??"]
[EventType "tourn"]
[EventRounds "7"]
[EventCountry "CAN"]
[SourceTitle "EXT 2006"]
[Source "ChessBase"]
[SourceDate "2005.11.24"]
[SourceVersion "1"]
[SourceVersionDate "2005.11.24"]
[SourceQuality "1"]

1. e4 e5 2. Nf3 Nc6 3. Bc4 Be7 4. d3 Nf6 5. Nc3 O-O 6. O-O d6 7. h3 Be6 8. Bb3 Qd7 9. Kh2 Rad8 10. Be3 Nb4 11. a3 d5 12. exd5 Nbxd5 13. Nxd5 Nxd5 14. Bd2 Bd6 15. Kh1 f5 16. Ng5 Rde8 17. Nxe6 Rxe6 18. Bxd5 e4 19. Bxe6+ Qxe6 20. Qe2 f4 21. Qxe4 Qf6 22. Bc3 Qh6 23. f3 c6 24. Rae1 Rf7 25. Qe6 Qxe6 26. Rxe6 Bc5 27. Re8+ Rf8 28. Rxf8+ Kxf8 29. d4 Bd6 30. Bb4 Bxb4 31. axb4 Ke7 32. c4 Kd7 33. Rd1 Kc7 34. d5 b5 35. c5 cxd5 36. Rxd5 Kc6 37. Rf5 g6 38. Rxf4 Kd5 39. Rf7 h5 40. Rxa7 Kc6 41. Rg7 Kd5 42. Rxg6 h4 43. f4 Kc4 44. c6 Kb3 45. c7 Ka2 46. Re6 1-0

[Event "CYCC U08 w"]
[Site "Toronto CAN"]
[Date "2001.03.17"]
[Round "5"]
[White "Woodworth, Claire"]
[Black "Sviridovitch, Alina"]
[Result "1/2-1/2"]
[WhiteElo "1136"]
[BlackElo "1617"]
[PlyCount "129"]
[GameId "2160767911610420"]
[EventDate "2001.03.??"]
[EventType "tourn"]
[EventRounds "7"]
[EventCountry "CAN"]
[SourceTitle "EXT 2006"]
[Source "ChessBase"]
[SourceDate "2005.11.24"]
[SourceVersion "1"]
[SourceVersionDate "2005.11.24"]
[SourceQuality "1"]

1. d4 g6 2. c4 Bg7 3. Nf3 d6 4. Nc3 Nd7 5. Bg5 h6 6. Be3 Ngf6 7. Qd2 Ng4 8. g3 O-O 9. Bg2 e5 10. O-O Re8 11. d5 a5 12. Bh3 Nxe3 13. Qxe3 f5 14. Qd2 Nc5 15. Bg2 b6 16. Rfe1 e4 17. Nd4 Qf6 18. Nc6 Ba6 19. Rec1 Bxc4 20. b3 Ba6 21. b4 axb4 22. Nxb4 Bb7 23. Nc6 Bxc6 24. dxc6 Qd4 25. Qxd4 Bxd4 26. Rc2 Na4 27. Nb5 Bxa1 28. Nxc7 Nc5 29. f3 e3 30. f4 Rac8 31. Nxe8 Rxe8 32. Rc1 Bf6 33. Rd1 Be7 34. Rb1 Bd8 35. Rd1 Bc7 36. Rc1 Ra8 37. Rc3 Re8 38. Rc1 Ne4 39. Rc4 Nd2 40. Rd4 Ra8 41. Rd3 b5 42. Rxe3 Bb6 43. Kf2 Bxe3+ 44. Kxe3 Nc4+ 45. Kd4 Rxa2 46. c7 Nb6 47. Bd5+ Kf8 48. Bxa2 Ke7 49. Kc3 Kd7 50. Kb4 Kxc7 51. Kxb5 Nc8 52. Bb1 Ne7 53. Kc4 Kc6 54. Kd4 Kd7 55. e4 Ke6 56. Ba2+ Kf6 57. exf5 Nxf5+ 58. Kd5 g5 59. fxg5+ Kxg5 60. Bb1 Ne3+ 61. Kxd6 Nf1 62. h4+ Kf6 63. g4 Ne3 64. g5+ hxg5 65. hxg5+ 1/2-1/2

[Event "CYCC U08 w"]
[Site "Toronto CAN"]
[Date "2001.03.17"]
[Round "6"]
[White "Benggawan, Alexandra"]
[Black "Smith, Hazel"]
[Result "1-0"]
[WhiteElo "1724"]
[BlackElo "1717"]
[PlyCount "147"]
[GameId "2160767911610421"]
[EventDate "2001.03.??"]
[EventType "tourn"]
[EventRounds "7"]
[EventCountry "CAN"]
[SourceTitle "EXT 2006"]
[Source "ChessBase"]
[SourceDate "2005.11.24"]
[SourceVersion "1"]
[SourceVersionDate "2005.11.24"]
[SourceQuality "1"]

1. e4 e5 2. Nf3 Nc6 3. Nc3 Nf6 4. d4 exd4 5. Nxd4 Bb4 6. Nxc6 bxc6 7. Bd3 d5 8. exd5 cxd5 9. O-O O-O 10. Bg5 c6 11. Ne2 Be7 12. Nd4 Bd7 13. Re1 Re8 14. Bf5 c5 15. Bxd7 Qxd7 16. Nb3 Rac8 17. Qf3 d4 18. Rad1 Qc7 19. h3 h6 20. Bf4 Qc6 21. Qxc6 Rxc6 22. Re5 Nd7 23. Re2 Re6 24. Rde1 Rxe2 25. Rxe2 Kf8 26. Kf1 Rc8 27. Be5 f6 28. Bf4 Nb6 29. Bd2 Nd5 30. a3 Kf7 31. g3 Bd6 32. Kg2 Nb6 33. Kf1 Nc4 34. Bc1 Rb8 35. Kg2 a5 36. Nd2 Nxb2 37. Bxb2 d3 38. cxd3 Rxb2 39. Kf3 Rb7 40. Nc4 Be7 41. Nxa5 Rd7 42. Rd2 Bd8 43. Nc4 Kf8 44. Ke4 Rd4+ 45. Ke3 f5 46. Rb2 Be7 47. Rb8+ Kf7 48. Ne5+ Kf6 49. Nc6 Rd7 50. Nxe7 Rxe7+ 51. Kd2 Ra7 52. Rb5 Rxa3 53. Rxc5 Ra6 54. d4 Rd6 55. Kd3 g5 56. f4 Ke6 57. Kc4 Kf6 58. d5 Ke7 59. Rc7+ Kd8 60. Rc6 Rd7 61. Rxh6 gxf4 62. gxf4 Rc7+ 63. Kd4 Re7 64. Re6 Rh7 65. Re3 Rg7 66. d6 Rd7 67. Kd5 Rg7 68. Ra3 Rg2 69. Ra5 Rd2+ 70. Ke6 Kc8 71. Rc5+ Kd8 72. Rxf5 Re2+ 73. Re5 Rd2 74. f5 1-0